[Event "Krapina op 9th"]
[Site "Krapina"]
[Date "2019.01.19"]
[Round "5"]
[White "Grdenic, Marijan"]
[Black "Zajdela, Karel"]
[Result "0-1"]
[WhiteElo "1600"]
[BlackElo "1914"]
[PlyCount "66"]
[EventDate "2019.01.17"]
[EventType "swiss"]
[EventRounds "7"]
[EventCountry "CRO"]
[SourceTitle "CBM 188 Extra"]
[Source "ChessBase"]
[SourceDate "2019.02.26"]
[SourceVersion "1"]
[SourceVersionDate "2019.02.26"]
[SourceQuality "1"]

1. b3 d5 2. Nf3 c5 3. d3 Nc6 4. g3 e5 5. Bb2 Bd6 6. Bg2 Nf6 7. Nbd2 d4 8. Nc4 Bc7 9. e3 0-0 10. Qe2 Bg4 11. e4 b5 12. Na3 Ba5+ 13. Kf1 Rb8 14. h3 Be6 15. Nb1 c4 16. Nbd2 Bxd2 17. Nxd2 c3 18. Ba3 b4 19. Bc1 cxd2 20. Bxd2 a5 21. f4 exf4 22. gxf4 Re8 23. f5 Bxf5 24. h4 Bg4 25. Qe1 Ne5 26. Bf4 Rc8 27. Rc1 Nh5 28. Bg5 f6 29. Bd2 Qd7 30. Qf2 Rc7 31. Bf4 Rec8 32. Ke1 Nxf4 33. Qxf4 Nxd3+ 0-1